Text book of Pharmaceutical Quality Assurance (Record no. 13800)

MARC details
000 -LEADER
fixed length control field 00518nam a22001937a 4500
003 - CONTROL NUMBER IDENTIFIER
control field OSt
008 - FIXED-LENGTH DATA ELEMENTS--GENERAL INFORMATION
fixed length control field 260122b |||||||| |||| 00| 0 eng d
020 ## - INTERNATIONAL STANDARD BOOK NUMBER
International Standard Book Number 9798893223620
082 ## - DEWEY DECIMAL CLASSIFICATION NUMBER
Classification number 615.191 MET
100 ## - MAIN ENTRY--PERSONAL NAME
Personal name Mehta, Dhruti
245 ## - TITLE STATEMENT
Title Text book of Pharmaceutical Quality Assurance
260 ## - PUBLICATION, DISTRIBUTION, ETC. (IMPRINT)
Place of publication, distribution, etc Chennai
Name of publisher, distributor, etc Notion Press
Date of publication, distribution, etc 2025
300 ## - PHYSICAL DESCRIPTION
Extent 360
650 ## - SUBJECT ADDED ENTRY--TOPICAL TERM
Topical term or geographic name as entry element Pharmaceutical Quality Assurance
700 ## - ADDED ENTRY--PERSONAL NAME
Personal name Prajapati, ram Narayan
700 ## - ADDED ENTRY--PERSONAL NAME
Personal name Rajeev kumar
700 ## - ADDED ENTRY--PERSONAL NAME
Personal name Shrivastava & Swarnkar
942 ## - ADDED ENTRY ELEMENTS (KOHA)
Source of classification or shelving scheme Dewey Decimal Classification
Koha item type Text Books
Holdings
Withdrawn status Lost status Source of classification or shelving scheme Damaged status Not for loan Collection code Home library Current library Date acquired Source of acquisition Currency Cost, normal purchase price Bill Number Total Checkouts Full call number Acc. no. / Barcode Date last seen Actual Cost, discounted price Bill Date Koha item type
    Dewey Decimal Classification     B.Pharma PIET C-LIBRARY PIET C-LIBRARY 08/01/2026 Zafaa Books Distributres Indian Rup 570.00 ZBD0374   615.191 MET BP2924 22/01/2026 541.50 04/01/2026 Text Books
    Dewey Decimal Classification     B.Pharma PIET C-LIBRARY PIET C-LIBRARY 08/01/2026 Zafaa Books Distributres Indian Rup 570.00 ZBD0374   615.191 MET BP2925 22/01/2026 541.50 04/01/2026 Text Books
    Dewey Decimal Classification     B.Pharma PIET C-LIBRARY PIET C-LIBRARY 08/01/2026 Zafaa Books Distributres Indian Rup 570.00 ZBD0374   615.191 MET BP2926 22/01/2026 541.50 04/01/2026 Text Books
    Dewey Decimal Classification     B.Pharma PIET C-LIBRARY PIET C-LIBRARY 08/01/2026 Zafaa Books Distributres Indian Rup 570.00 ZBD0374   615.191 MET BP2927 22/01/2026 541.50 04/01/2026 Text Books
    Dewey Decimal Classification     B.Pharma PIET C-LIBRARY PIET C-LIBRARY 08/01/2026 Zafaa Books Distributres Indian Rup 570.00 ZBD0374   615.191 MET BP2928 22/01/2026 541.50 04/01/2026 Text Books

Design & Developed by: PIET Central Library
R70 Miles Stone Pattikalyana Samalkha Panipat 132102
mail ID :- [email protected], Phone No:- 0180-2569700 Ex.216